书目信息 |
| 题名: |
大千军事世界
|
|
| 作者: | 王景佳 主编 | |
| 分册: | (一) | |
| 出版信息: | 北京 国防大学出版社 1988.2 |
|
| 页数: | 377页 | |
| 开本: | 19厘米 | |
| 丛书名: | ||
| 单 册: | ||
| 中图分类: | E-49 | |
| 科图分类: | ||
| 主题词: | ||
| 电子资源: | ||
| ISBN: | 7-5626-0047-3 | |
| 000 | 00657nam0 2200229 45 | |
| 001 | 0189026242 | |
| 005 | 20040421163403.4 | |
| 010 | @a7-5626-0047-3@dCNY2.85 | |
| 020 | @aCN@b89026242 | |
| 100 | @a19911017d1988 m y0chiy0120 ea | |
| 101 | 0 | @achi |
| 102 | @aCN@b110000 | |
| 105 | @ay z 000yy | |
| 106 | @ar | |
| 200 | 10 | @a大千军事世界@h(一)@Ada qian jun shi shi jie@f王景佳主编@Fwang jing jia zhu bian |
| 210 | @a北京@c国防大学出版社@d1988.2 | |
| 215 | @a377页@d19厘米 | |
| 540 | 1 | @a军事 世界@Ajun shi shi jie |
| 690 | @aE-49@v1980 | |
| 701 | 0 | @a王景佳@Awang jing jia@4主编 |
| 801 | 0 | @aCN@bNLC@c19911017 |
| 905 | @dE-49@e17:1@f2@b250587-588 | |
| 大千军事世界.(一)/王景佳主编.-北京:国防大学出版社,1988.2 |
| 377页;19厘米 |
| ISBN 7-5626-0047-3:CNY2.85 |
| ● |
| 相关链接 |
|
|
|
|
正题名:大千军事世界
索取号:E-49/17:1
 
预约/预借
| 序号 | 登录号 | 条形码 | 馆藏地/架位号 | 状态 | 备注 |
| 1 | 0250587 | 001258711 | 第一借阅区/ [索取号:E-49/17:1] | 在馆 | |
| 2 | 0250588 | 001258686 | 密集书库/ [索取号:E-49/17:1] | 在馆 | |
| 3 | 0250589 | 001258720 | 第一样本阅览室/ [索取号:E-49/17:1] | 在馆 |